Einladung zur akademischen feier des geburtsfestes seiner majestät des königs Karl von Würtemberg (Record no. 91357)
[ view plain ]
| 000 -LEADER | |
|---|---|
| fixed length control field | 00482cam a2200169u 4500 |
| 001 - CONTROL NUMBER | |
| control field | unk82008948 |
| 003 - CONTROL NUMBER IDENTIFIER | |
| control field | DLC |
| 005 - DATE AND TIME OF LATEST TRANSACTION | |
| control field | 20260227112759.0 |
| 008 - FIXED-LENGTH DATA ELEMENTS--GENERAL INFORMATION | |
| fixed length control field | 820607s1876 xx 000 0 ger |
| 010 ## - LIBRARY OF CONGRESS CONTROL NUMBER | |
| LC control number | unk82008948 |
| 040 ## - CATALOGING SOURCE | |
| Original cataloging agency | DLC |
| Transcribing agency | CarP |
| Modifying agency | DLC |
| 050 00 - LIBRARY OF CONGRESS CALL NUMBER | |
| Classification number | BX1939.I6 |
| Item number | T8 |
| 110 2# - MAIN ENTRY--CORPORATE NAME | |
| Corporate name or jurisdiction name as entry element | Universität Tübingen. |
| 245 10 - TITLE STATEMENT | |
| Title | Einladung zur akademischen feier des geburtsfestes seiner majestät des königs Karl von Würtemberg |
| 260 ## - PUBLICATION, DISTRIBUTION, ETC. | |
| Place of publication, distribution, etc. | [n. p.] |
| Date of publication, distribution, etc. | 1876. |
| 300 ## - PHYSICAL DESCRIPTION | |
| Extent | 1 v. |
| Other physical details | cm. |
No items available.